000 00663nam a2200217Ia 4500
003 GCL
008 140319s9999 xx 000 0 ara d
040 _aGCL /
_cGCL
082 0 4 _a953
_bع ب
100 1 _aعبدالعزيز الدوري
245 1 0 _aبحث فى نشأة علم التاريخ عند العرب /
_cعبدالعزيز الدوري
260 _a[S.N] :
_bدار المشرق ش م م
300 _a437 ص
490 _a
650 0 4 _aالتاريخ الاسلامى
650 0 4 _aالحضارة الاسلامية
650 0 4 _aالمؤرخون العرب
650 0 4 _aالمصادر
650 0 4 _aالتأريخ
942 _2ddc
_cBK
999 _c37172
_d37172